Taşra kızının deliceleri (Record no. 11822)

MARC details
000 -BAŞLIK
Sabit Uzunlukta Kontrol Alanı 00538na a2200205 4500
001 - KONTROL NUMARASI
Denetim Alanı 24439
003 - KONTROL NUMARASI IDENTIFIER
Denetim Alanı MIRAKIL
005 - SON İŞLEM TARİHİ VE ZAMANI
Denetim Alanı 20181226104235.0
008 - SABİT-BOY VERİ ELEMANLARI - GENEL BİLGİLER
Sabit Uzunlukta Kontrol Alanı 181017b tu 000 0
041 ## - DİL KODU
Metin / Ses Parça Veya Ayrı Başlığın Dil Kodu tur
082 ## - DEWEY ONLU SINIFLANDIRMA NUMARASI
Sınıflandırma Numarası 811.317
Ürün Numarası İ42t 1967
090 ## - SINIFLAMA NUMARASI
Sınıflama Numarası 811.317 İ42t 1967
100 ## - ANA GİRİŞ - KİŞİSEL İSİM
Kişisel Ad İldeniz, Türkan
245 ## - BAŞLIK TABLOSU
Başlık Taşra kızının deliceleri
Sorumluluk Tablosu, Vb Türkan İldeniz
260 ## - YAYIN, DAĞITIM, VB
Yayın, Dağıtım, Vb Yeri İstanbul
Yayıncı, Dağıtıcı, Vs Adı [yayl.y.]
Yayın, Dağıtım, Vb Tarihi 1967
300 ## - FİZİKSEL TANIM
Kapsam 75 s.
Boyutlar 16 sm.
650 ## - KONU KATMA GİRİŞ - TOPİKAL DÖNEM
Topikal Süreli Veya Coğrafi Ad Giriş Elemanı Türk Edebiyatı
Genel Alt Bölümü Şiir
942 ## - EKLENDİ GİRİŞ ELEMANLARI (KOHA)
Sınıflandırma Veya Raf Düzeni Kaynak Dewey Decimal Classification
Koha Öğesi Türü Books
040 ## - KATALOGLAMA KAYNAK
Orijinal Kataloglama Ajansı Milas
Kataloglama Dili tur
Metne Dönüştürmek Ajansı TR-AnCHP
999 ## - SİSTEM KONTROL NUMARALARI (KOHA)
Koha Biblionumber 11822
Koha Biblioitemnumber 11822
Holdings
Kullanım Kısıtlamaları Kalıcı Konum Mevcut Konum Edinme Tarihi Toplam Check-Out'Lar Tam Çağrı Numarası Barkod Tarih Son Görülme İtibaren Geçerli Fiyatlar Sigara Kamu Notu Koha Öğesi Türü
  Parti Okulu Kütüphanesi Parti Okulu Kütüphanesi 10/17/2018   811.317 İ42t 1967 P00210 10/17/2018 10/17/2018 Books